| 000 | 00570nam a22002177a 4500 | ||
|---|---|---|---|
| 003 | OSt | ||
| 005 | 20140310182828.0 | ||
| 008 | 130530t xxu||||| |||| 00| 0 eng d | ||
| 020 | _a9781847873248 | ||
| 050 |
_aBF 76.5 _b.F621 2009 |
||
| 082 |
_aM 300.723 _bF621 2009 |
||
| 245 |
_aAn introduction to qualitative research _cFlick, Uwe |
||
| 250 | _a4th ed. | ||
| 260 |
_aLondon _bSage Publications _cc2009 |
||
| 300 |
_axx, 504 p. _bill. _c24 cm. |
||
| 521 | _aCollege students | ||
| 526 | _c1210L-1700L | ||
| 541 | _j1 | ||
| 562 | _e1 | ||
| 942 |
_2lcc _cBK _kM |
||
| 999 |
_c16561 _d16561 |
||